River Valley Civilizations Quiz Stats

 Plays Quiz not verified by Sporcle

Challenge
Share
Tweet
Embed
Score 0/20 Timer 05:00
0 Plays Today
Questions Answeres % Correct
Means 'land between riversMesopotamia
92.3%
Series of rulers from a single familyDynasty
71.9%
Belief in one godMonotheism
68.8%
Belief in more thatn one godPolytheism
66.5%
The burial place for kings of the Old Kingdom was an immense structure calleda pyramid
53.4%
Hammurabi put together this code of laws, rules, and judgementsHammurabi's Code
52.5%
The Process in which a new idea or product spreads from one culture to anotherCultural diffusion
50.7%
This region got its name from its curved shape and richness of landFertile Crescent
48%
a type of government in which rule is based on religious authorityTheocracy
45.7%
Scribes developed this writting system in Egypt, means sacred writtingHieroglyphics
43.4%
Questions Answeres % Correct
Seasonal winds that dominat India's climateMonsoons
42.5%
The Egyptian god-kingsPharaohs
40.7%
This brings together several peoples, nations, or previously independant states under the control of one rulerEmpire
36.7%
The royal and emite way that the Egyptians bodies were preservedMummification
35.3%
A political system in which nobles, or lords, are granted the use of lands that legally belong to the kingFeudalism
21.3%
Nomadic warriors that invaded MesopotamiaAmorites
19.9%
The Egyptians used this as a better writting surfacePapyras
15.8%
Another name for the Indus River Valley civilization because of the many archaeological discoveries made at this siteHarappan civilization
15.4%
This language, unlike Ceuniform and hieroglyphics, has not been able to be decipherThe Harappan language
12.7%
Animal bones and tortoise shells on which priests had scratched questions for th godsOrcacle bones
10.9%

You're not logged in!

Compare scores with friends on all Sporcle quizzes.
Join for Free
OR
Log In

You Might Also Like...

Show Comments

Extras

Top Quizzes Today


Score Distribution

Your Account Isn't Verified!

In order to create a playlist on Sporcle, you need to verify the email address you used during registration. Go to your Sporcle Settings to finish the process.

Report this User

Report this user for behavior that violates our Community Guidelines.

Details: